000 01088nam2a22002771 4500
001 v19\rc\1613996
005 20250618224940.0
035 _a(NLR Aleph) 004733935
090 _a4461290
_c4461290
100 _a20061002d1902 |||y0rusy50 ca
101 0 _arus
102 _aRU
105 _ay z |||||
200 0 _a... на 1902 г.
210 _d1902
_aБ. м.
215 _a[2], 16, IV, 111 с.
461 0 _1001v19\rc\1613991
_12001#$aАдрес-календарь Московско-Брестской ж. д.$fМ.П.С. Моск.-Брест. ж. д.$v... на 1902 г.
_94461260
_aАлександровская железная дорога
_cМосква
_d[1898]-[1909]
_fМ.П.С. Моск.-Брест. ж. д.
_tАдрес-календарь Московско-Брестской ж. д.
_v... на 1902 г.
801 0 _aRU
_bNLR
_gpsbo
801 0 _aRU
_bRuMoRGB
_2psbo
801 1 _aRU
_bProSoft-M
_2rusmarc
852 _aNLR
_j34.3.5.43(2)
852 _aNLR
_j18.183.4.37
899 _aRuMoRGB (1898-1910*)
_jA 249/215
899 _aБАН (1898-1910*)
942 _cBOOK
980 _aNB